000
00250nam a2200097Ia 4500
008
240331s9999 xx 000 0 und d
082
_b
NUH
100
_a
Nuhman,M.A
245
0
_a
Sri Lanka muslims :
_b
ethnic identity within cultural diversity
942
_c
L
999
_c
4507
_d
4507